| 000 | 01007cam a2200301 i 4500 | ||
|---|---|---|---|
| 999 |
_c7726 _d7726 |
||
| 001 | 991060957849706706 | ||
| 003 | OSt | ||
| 005 | 20230515124212.0 | ||
| 008 | 230412e202212 spc||||| || |l000 0bcat|c | ||
| 015 |
_aLL2023 _2bnc |
||
| 017 |
_aDL T 775-2022 _bBiblioteca de Catalunya |
||
| 020 | _a9788409424276 | ||
| 040 |
_aES-BaMNA _bcat _erda _cCDMR _dCDMR |
||
| 080 |
_a929Mañé y Flaquer, Juan _22004 |
||
| 080 |
_a929Diari de Barcelona _22004 |
||
| 080 |
_a070 _x=134.1 _22004 |
||
| 100 | 1 | _aBou i Ros, Jordi, | |
| 245 | 1 | 0 |
_aJoan Mañé i Flaquer (1823-1901) : _bla notícia com a estil de vida / _cJordi Bou Ros |
| 264 | 1 |
_aTorredembarra : _bAjuntament de Torredembarra, _c2022 |
|
| 300 |
_a714 pàgines ; _c24 cm |
||
| 504 | _aBibliografia: pàgines 699-714 | ||
| 600 | 1 | 0 |
_aMañé i Flaquer, Juan _xBiografia _2lemac _91331 |
| 610 | 2 | 7 |
_aDiari de Barcelona _xHistòria _y1792-1901. _2lemac |
| 650 | 7 |
_aDiaris catalans _xHistòria. _2lemac |
|
| 908 |
_aMNAC _aBC |
||
| 940 | _aMNAC | ||
| 942 |
_2udc _cMON |
||